| 000 | 00745nam a2200265Ia 4500 | ||
|---|---|---|---|
| 003 | OSt | ||
| 005 | 20221006142448.0 | ||
| 006 | a|||||r|||| 00| 0 | ||
| 007 | ta | ||
| 008 | 221006b |||||||| |||| 00| 0 eng d | ||
| 020 |
_c _6.25 |
||
| 024 | _a6,406 | ||
| 037 | _cTextual | ||
| 040 |
_aEASL _cEASL _beng |
||
| 041 |
_2eng _aeng |
||
| 082 | _aY.41.M7, A78. | ||
| 100 | _aGRAY John Henry | ||
| 245 | 0 |
_aChina _b A history of the laws, manners and customs of the people |
|
| 260 |
_aLondon _bMacmillian _c1878 |
||
| 300 |
_a397p. _ccm. |
||
| 490 | _v V.1CEL | ||
| 700 |
_a GREGOR William Gow Ed. _9647774 |
||
| 942 |
_hY.41.M7, A78. _cTEXL _2CC |
||
| 999 |
_c1074492 _d1074492 |
||